000 01547cam a2200313 a 4500
001 15456453
005 20090901083130.0
008 080918s2009 ne a b 001 0 eng
010 _a 2008041352
020 _a0123735874 (hbk.)
020 _a9780123735874 (hbk.)
035 _a(OCoLC)ocn150366050
035 _a(OCoLC)150366050
040 _aDLC
_cDLC
_dBTCTA
_dBAKER
_dOHX
_dYDXCP
_dC#P
_dBWX
_dCDX
_dDLC
050 0 0 _aTA403
_b.F523 2009
082 0 0 _a620.11
_222
_bFIS
100 1 _aFischer, Traugott E.
_99054
245 1 0 _aMaterials Science for Engineering Students /
_cTraugott Fischer.
260 _aAmsterdam ;
_aBurlington, MA :
_bElsevier/Academic Press,
_cc2009.
300 _axiv, 581 p. :
_bill. (some col.) ;
_c25 cm.
504 _aIncludes bibliographical references and index.
650 0 _aMaterials science
_vTextbooks.
_99055
653 _bMec
_cApril2011
856 4 1 _3Online instructor support, including solutions manual, image bank, and other resources
_uwww.textbooks.elsevier.com
942 _2ddc
_cBB
999 _c12830
_d12830